|
|
|
|
| LEADER |
00000nam0a2200000 4500 |
| 001 |
370120 |
| 005 |
20231102012241.0 |
| 035 |
|
|
|a (RuTPU)RU\TPU\retro\27528
|
| 090 |
|
|
|a 370120
|
| 100 |
|
|
|a 20220620d1980 km y0rusy50 ca
|
| 101 |
0 |
|
|a rus
|
| 102 |
|
|
|a RU
|
| 105 |
|
|
|a a z 001zy
|
| 200 |
1 |
|
|a Монтаж котлоагрегатов средней и малой мощности
|f В. В. Бугурусланов, Е. С. Кузнецов, Д. Н. Смирнов, М. С. Файнштейн
|
| 205 |
|
|
|a 2-е изд., перераб. и доп.
|
| 210 |
|
|
|a Москва
|c Стройиздат
|d 1980
|
| 215 |
|
|
|a 96 с.
|c ил.
|
| 225 |
1 |
|
|a Повышение мастерства рабочих строительства и промышленности строительных материалов
|
| 320 |
|
|
|a Библиогр.: с.93
|
| 606 |
1 |
|
|a Котельные
|x Монтаж
|2 stltpush
|3 (RuTPU)RU\TPU\subj\15928
|9 42126
|
| 610 |
1 |
|
|a котельные агрегаты
|
| 610 |
1 |
|
|a малая мощность
|
| 610 |
1 |
|
|a средняя мощность
|
| 610 |
1 |
|
|a каркасный способ
|
| 610 |
1 |
|
|a поверхности нагрева
|
| 610 |
1 |
|
|a топки
|
| 610 |
1 |
|
|a обдувочные устройства
|
| 610 |
1 |
|
|a дымовые трубы
|
| 610 |
1 |
|
|a трубопроводные системы
|
| 675 |
|
|
|a 697.32
|v 4
|
| 701 |
|
1 |
|a Бугурусланов
|b В. В.
|g Ваплентин Васильевич
|
| 701 |
|
1 |
|a Кузнецов
|b Е. С.
|g Евгений Степанович
|
| 701 |
|
1 |
|a Смирнов
|b Д. Н.
|g Дмитрий Николаевич
|
| 701 |
|
1 |
|a Файнштейн
|b М. С.
|g Михаил Соломонович
|
| 801 |
|
1 |
|a RU
|b 63413507
|c 20220620
|
| 942 |
|
|
|c BK
|